00382nam a2200157Ia 4500008004100000020001800041082001300059100001900072245002600091250000600117260002500123300001500148500002500163650001400188700002200202230524s9999 xx 000 0 und d a9788176710633 a670bGHO aAmitabha Ghosh 0aManufacturing Science a1 aNew DelhibEWPc2010 a"xi,489p;" aQuantity Number: 40 aMechanics aAsok Kumar Mallik